00744nam a22002177a 45000010005000000030006000050050017000110080041000280200015000690400029000840820010001131000021001232450047001442500032001912600043002233000049002665050008003155200154003235210029004775210020005068401FISKH20250910145331.0250910b cb ||||| |||| 00| 0 eng d a1856979407 aFISKHbengcFISKHdFISKH a551.6 aTaylor, Barbara  aWeather and climate / cBy Barbara Taylor  aFirst American Edition 1993 aNew York : bKingfisher Books, c1992. a31 pages : bcolor illustrations ;c24 cm .  aH  aAn introduction to weather and climate, discussing world climates, seasons, violent weather, weather pollution, and the elements of changing weather.8 a450 bLexile estimate 8 aH bRaz-Plus